[Event "SLO-chT Central 2nd League"]
[Site "Slovenia"]
[Date "2011.10.14"]
[Round "4.4"]
[White "Hribar, Sebastjan"]
[Black "Klancicar, Vid"]
[Result "1-0"]
[WhiteElo "1609"]
[BlackElo "1682"]
[PlyCount "55"]
[EventDate "2011.09.08"]
[EventType "team-tourn"]
[EventRounds "7"]
[EventCountry "SLO"]
[SourceTitle "EXT 2022"]
[Source "ChessBase"]
[SourceDate "2021.10.06"]
[SourceVersion "1"]
[SourceVersionDate "2021.10.06"]
[SourceQuality "1"]

1. e4 c5 2. Nf3 d6 3. d4 cxd4 4. Nxd4 Nc6 5. Be3 a6 6. Bc4 Qc7 7. Bb3 Nf6 8. Nc3 e6 9. Qd2 Be7 10. 0-0 0-0 11. f3 b5 12. a3 Bb7 13. Rad1 Rad8 14. Qf2 Nxd4 15. Bxd4 Qc6 16. Rd2 Rd7 17. Rfd1 Rc8 18. Kh1 Nh5 19. Be3 g6 20. Ne2 Bf6 21. Nd4 Bxd4 22. Bxd4 Qc7 23. Bc3 e5 24. Bxe5 Rcd8 25. Bc3 Ng7 26. Qd4 Kf8 27. Qxg7+ Ke8 28. Qh8+ 1-0

[Event "SLO-chT Central 2nd League"]
[Site "Slovenia"]
[Date "2011.09.22"]
[Round "2.3"]
[White "Klancicar, Vid"]
[Black "Novak, Robert"]
[Result "1/2-1/2"]
[WhiteElo "1682"]
[BlackElo "1598"]
[PlyCount "168"]
[EventDate "2011.09.08"]
[EventType "team-tourn"]
[EventRounds "7"]
[EventCountry "SLO"]
[SourceTitle "EXT 2022"]
[Source "ChessBase"]
[SourceDate "2021.10.06"]
[SourceVersion "1"]
[SourceVersionDate "2021.10.06"]
[SourceQuality "1"]

1. e4 e5 2. Nf3 Nc6 3. Bb5 a6 4. Ba4 Nf6 5. 0-0 Be7 6. Re1 b5 7. Bb3 d6 8. h3 0-0 9. c3 Na5 10. d4 Nxb3 11. Qxb3 Bb7 12. d5 c6 13. dxc6 Bxc6 14. Nbd2 Qc7 15. Nh2 d5 16. f3 dxe4 17. fxe4 Bc5+ 18. Kh1 Nh5 19. Ng4 Bd7 20. Ne3 Nf4 21. Nd5 Qd6 22. Nxf4 exf4 23. Nf3 Bf2 24. Rd1 Qc7 25. Qc2 Bg3 26. Bd2 Rfd8 27. Be1 Be6 28. a4 b4 29. Nd4 bxc3 30. bxc3 Bc4 31. Nf5 h5 32. Bxg3 fxg3 33. Rd4 Rdb8 34. Ne3 Bb3 35. Qd2 Ra7 36. Nd5 Qe5 37. Nb4 Qc7 38. Nd5 Qe5 39. Nb4 Rb6 40. Nd5 Re6 41. Rb1 Rb7 42. Nf4 Rf6 43. Nd3 Bxa4 44. Re1 Qb5 45. Rb4 Qd7 46. Rxb7 Qxb7 47. e5 Rf5 48. Nb4 Rf2 49. Qd8+ Kh7 50. Qd3+ g6 51. Qxg3 Rf5 52. e6 fxe6 53. Rxe6 Qf7 54. Rxa6 Bb5 55. Ra1 Rc5 56. Rc1 Qe7 57. Nd3 Rg5 58. Qf3 Rf5 59. Qg3 Qa3 60. c4 Ba6 61. Qe3 Rf7 62. Qd4 Bb7 63. Re1 Qa2 64. Rg1 Qd2 65. c5 Kh6 66. Qc4 Rd7 67. c6 Bxc6 68. Ne5 Bd5 69. Qc5 Rb7 70. Qf8+ Kh7 71. Qe8 Qa2 72. Qxg6+ Kh8 73. Qxh5+ Rh7 74. Qe8+ Bg8 75. Rf1 Qd5 76. Nf7+ Rxf7 77. Rxf7 Qxf7 78. Qe5+ Qg7 79. Qxg7+ Kxg7 80. g4 Kg6 81. Kg2 Kg5 82. Kg3 Be6 83. h4+ Kg6 84. Kf4 Bxg4 1/2-1/2

[Event "SLO-chT Central 2nd League"]
[Site "Slovenia"]
[Date "2011.09.08"]
[Round "1.4"]
[White "Klancicar, Vid"]
[Black "Dolinar, Jan"]
[Result "1-0"]
[WhiteElo "1682"]
[BlackElo "1737"]
[PlyCount "71"]
[EventDate "2011.09.08"]
[EventType "team-tourn"]
[EventRounds "7"]
[EventCountry "SLO"]
[SourceTitle "EXT 2022"]
[Source "ChessBase"]
[SourceDate "2021.10.06"]
[SourceVersion "1"]
[SourceVersionDate "2021.10.06"]
[SourceQuality "1"]

1. f4 Nc6 2. e4 e5 3. fxe5 Qh4+ 4. g3 Qxe4+ 5. Qe2 Qxh1 6. Nf3 Bc5 7. c3 Bg1 8. d3 Bxh2 9. Nxh2 Qd5 10. Bf4 Nge7 11. Nd2 Ng6 12. d4 0-0 13. Bg2 Qa5 14. Nb3 Qb6 15. Be3 Nb8 16. 0-0-0 d6 17. Be4 dxe5 18. dxe5 Qe6 19. Nd4 Qxa2 20. Qh5 c5 21. Ndf3 Qa1+ 22. Bb1 Nc6 23. Rh1 f5 24. Ng4 Nh8 25. Qxh7+ Kf7 26. Nh6+ Ke8 27. Bxc5 Ne7 28. Qxg7 Nf7 29. Nxf7 Be6 30. Nd6+ Kd7 31. Rd1 Ba2 32. Nxf5+ Kc6 33. Qxe7 Qxb1+ 34. Kd2 Rad8+ 35. N3d4+ Rxd4+ 36. Nxd4+ 1-0

[Event "SLO-chT Central 2nd League"]
[Site "Slovenia"]
[Date "2011.09.08"]
[Round "1.2"]
[White "Klancicar, Vid"]
[Black "Drnovsek, Gal"]
[Result "0-1"]
[WhiteElo "1682"]
[BlackElo "2029"]
[PlyCount "78"]
[EventDate "2011.09.08"]
[EventType "team-tourn"]
[EventRounds "7"]
[EventCountry "SLO"]
[SourceTitle "EXT 2022"]
[Source "ChessBase"]
[SourceDate "2021.10.06"]
[SourceVersion "1"]
[SourceVersionDate "2021.10.06"]
[SourceQuality "1"]

1. e4 c5 2. Nf3 d6 3. d4 cxd4 4. Nxd4 Nf6 5. Nc3 a6 6. Bc4 e6 7. Bg5 Be7 8. 0-0 0-0 9. Re1 Qc7 10. Bb3 Nc6 11. Kh1 Bd7 12. f3 Ng4 13. Be3 Nxe3 14. Rxe3 Bg5 15. Rd3 Nb4 16. a3 Nxd3 17. Qxd3 Qc5 18. Rd1 Rfd8 19. Ba2 Rac8 20. Nb3 Qe3 21. h3 Qxd3 22. cxd3 Rc7 23. Na5 b5 24. d4 Rdc8 25. d5 e5 26. Kh2 Bf4+ 27. g3 Be3 28. Nb3 Bb6 29. Nc1 Ba5 30. N1e2 b4 31. axb4 Bxb4 32. Bb1 Rb8 33. Rd2 Bxc3 34. Nxc3 Rxc3 35. bxc3 Rxb1 36. Ra2 Bb5 37. Rc2 Bc4 38. h4 a5 39. Ra2 Bxa2 0-1

[Event "SLO-chT Central 2nd League"]
[Site "Slovenia"]
[Date "2010.09.30"]
[Round "3.4"]
[White "Klancicar, Vid"]
[Black "Milanovic, Jure"]
[Result "0-1"]
[WhiteElo "1506"]
[BlackElo "1525"]
[PlyCount "88"]
[EventDate "2010.09.09"]
[EventType "team-tourn"]
[EventRounds "9"]
[EventCountry "SLO"]
[SourceTitle "EXT 2022"]
[Source "ChessBase"]
[SourceDate "2021.10.06"]
[SourceVersion "1"]
[SourceVersionDate "2021.10.06"]
[SourceQuality "1"]
[WhiteTeam "Dolenjske Toplice"]
[BlackTeam "Bor Dob II"]
[WhiteTeamCountry "SLO"]
[BlackTeamCountry "SLO"]

1. e4 e5 2. Nf3 Nc6 3. Bb5 Nge7 4. 0-0 d6 5. Nc3 a6 6. Ba4 Bd7 7. Bb3 Ng6 8. d4 Be7 9. d5 Na5 10. Be3 b5 11. Qd2 h6 12. Ne2 Nb7 13. c4 a5 14. cxb5 Bxb5 15. a4 Bd7 16. Rfc1 Nc5 17. Bxc5 dxc5 18. Qc3 Bd6 19. g3 Bg4 20. Qd3 0-0 21. Nc3 Qf6 22. Nd2 Qg5 23. Nf3 Qf6 24. Bd1 Bd7 25. Nb5 Rfb8 26. Nxd6 cxd6 27. b3 Rb4 28. Rc4 Rbb8 29. Qe3 Bc8 30. Nd2 Ba6 31. Rcc1 Rb4 32. Nc4 Bc8 33. Bh5 Ne7 34. Rab1 g5 35. Qe2 Bd7 36. Nd2 Kg7 37. Nc4 Ng8 38. Rc3 Qe7 39. Bg4 Nf6 40. Bxd7 Nxd7 41. f3 Nb6 42. Ne3 Nxa4 43. Nf5+ Kf8 44. Nxe7 Nxc3 0-1

[Event "SLO-ch U20 qual"]
[Site "Otocec"]
[Date "2010.07.11"]
[Round "9"]
[White "Kralj, Manca"]
[Black "Klancicar, Vid"]
[Result "1/2-1/2"]
[WhiteElo "1791"]
[BlackElo "1506"]
[PlyCount "110"]
[EventDate "2010.07.06"]
[EventType "swiss"]
[EventRounds "9"]
[EventCountry "SLO"]
[SourceTitle "EXT 2012"]
[Source "ChessBase"]
[SourceDate "2011.11.24"]
[SourceVersion "1"]
[SourceVersionDate "2011.11.24"]
[SourceQuality "1"]

1. e4 c5 2. Nf3 d6 3. d4 cxd4 4. Nxd4 Nf6 5. Nc3 a6 6. Be2 e5 7. Nb3 Be6 8. 0-0 Be7 9. f4 exf4 10. Bxf4 Nc6 11. Qd2 Ne5 12. h3 0-0 13. Rad1 Qc7 14. Bg5 Rad8 15. Qe3 Kh8 16. Qg3 Rfe8 17. Kh1 Qc6 18. Bf3 Nxf3 19. Qxf3 Bxb3 20. axb3 b5 21. Nd5 Nxd5 22. Rxd5 Bxg5 23. Rxg5 Rd7 24. Qf4 Re5 25. Qg4 Rxg5 26. Qxg5 h6 27. Qf5 Re7 28. Qf4 f6 29. Rd1 Re5 30. c3 a5 31. Qd2 Re6 32. Qd5 Qd7 33. Rd4 Qe8 34. Kh2 Qd7 35. Qa8+ Qe8 36. Qxe8+ Rxe8 37. Rxd6 Rxe4 38. Rd5 Re5 39. Rd8+ Kh7 40. Ra8 b4 41. cxb4 axb4 42. Rc8 Kg6 43. Rc4 Rb5 44. Kg3 f5 45. Kf4 Kf6 46. Rc6+ Kf7 47. h4 Rd5 48. g3 Rd3 49. Kxf5 Rxg3 50. Rc7+ Kg8 51. Rb7 Rxb3 52. Kg6 Rg3+ 53. Kh5 Kh7 54. Rc7 b3 55. Rxg7+ Kxg7 1/2-1/2

[Event "SLO-ch U20 qual"]
[Site "Otocec"]
[Date "2010.07.08"]
[Round "5"]
[White "Orehek, Spela"]
[Black "Klancicar, Vid"]
[Result "1-0"]
[WhiteElo "1883"]
[BlackElo "1506"]
[PlyCount "31"]
[EventDate "2010.07.06"]
[EventType "swiss"]
[EventRounds "9"]
[EventCountry "SLO"]
[SourceTitle "EXT 2012"]
[Source "ChessBase"]
[SourceDate "2011.11.24"]
[SourceVersion "1"]
[SourceVersionDate "2011.11.24"]
[SourceQuality "1"]

1. e4 c5 2. c3 d6 3. d4 cxd4 4. cxd4 Nf6 5. Nc3 e6 6. Nf3 Nc6 7. Bd3 Be7 8. 0-0 0-0 9. a3 a6 10. Bc2 b5 11. Qd3 e5 12. Nd5 Be6 13. Nxf6+ Bxf6 14. d5 Bxd5 15. exd5 Ne7 16. Qxh7# 1-0

[Event "SLO-ch qual"]
[Site "Otocec"]
[Date "2009.07.11"]
[Round "9"]
[White "Hervolj, Manca"]
[Black "Klancicar, Vid"]
[Result "1-0"]
[WhiteElo "1536"]
[BlackElo "1500"]
[PlyCount "120"]
[EventDate "2009.07.07"]
[EventType "swiss"]
[EventRounds "9"]
[EventCountry "SLO"]
[SourceTitle "EXT 2010"]
[Source "ChessBase"]
[SourceDate "2010.11.25"]
[SourceVersion "1"]
[SourceVersionDate "2010.11.25"]
[SourceQuality "1"]

1. e4 c5 2. Nf3 d6 3. h3 a6 4. a3 e6 5. Nc3 Bd7 6. Be2 Be7 7. 0-0 Nf6 8. d3 0-0 9. Nh2 Kh8 10. Bg5 Nc6 11. Ng4 Nd4 12. Nxf6 Nxe2+ 13. Qxe2 Bxf6 14. Bxf6 Qxf6 15. Kh1 Bc6 16. Rab1 d5 17. exd5 exd5 18. Qg4 d4 19. Ne4 Bxe4 20. Qxe4 b6 21. Kg1 Rfe8 22. Qg4 h6 23. Rbe1 Kg8 24. Re2 Qc6 25. Rfe1 Rxe2 26. Rxe2 Re8 27. Rxe8+ Qxe8 28. Qe4 Qxe4 29. dxe4 Kf8 30. Kf1 Ke7 31. Ke2 Ke6 32. Kd3 b5 33. b3 Ke5 34. g3 g5 35. f3 h5 36. h4 gxh4 37. f4+ Kd6 38. gxh4 f6 39. b4 Kc6 40. bxc5 Kxc5 41. e5 fxe5 42. fxe5 Kd5 43. e6 Kxe6 44. Kxd4 Kd6 45. c3 a5 46. c4 bxc4 47. Kxc4 Kc6 48. a4 Kb6 49. Kd5 Kb7 50. Kc5 Ka6 51. Kc6 Ka7 52. Kb5 Kb7 53. Kxa5 Ka7 54. Kb5 Kb7 55. Kc5 Ka6 56. Kd5 Ka5 57. Ke5 Kxa4 58. Kf5 Kb4 59. Kg5 Kc5 60. Kxh5 Kd6 1-0

[Event "SLO-ch qual"]
[Site "Otocec"]
[Date "2009.07.10"]
[Round "7"]
[White "Krze, Nina"]
[Black "Klancicar, Vid"]
[Result "1-0"]
[WhiteElo "1516"]
[BlackElo "1500"]
[PlyCount "89"]
[EventDate "2009.07.07"]
[EventType "swiss"]
[EventRounds "9"]
[EventCountry "SLO"]
[SourceTitle "EXT 2010"]
[Source "ChessBase"]
[SourceDate "2010.11.25"]
[SourceVersion "1"]
[SourceVersionDate "2010.11.25"]
[SourceQuality "1"]

1. e4 c5 2. Nf3 d6 3. d4 cxd4 4. Nxd4 a6 5. Nc3 Nc6 6. Nxc6 bxc6 7. Be2 Nf6 8. Be3 e5 9. 0-0 Be7 10. Qd2 0-0 11. Rfd1 Qc7 12. f3 Be6 13. b3 Rfd8 14. Qe1 d5 15. exd5 cxd5 16. Bd2 d4 17. Na4 Qxc2 18. Rdc1 Qg6 19. Rc6 Rd6 20. Rac1 Bd7 21. Rxd6 Bxd6 22. Nb6 Ra7 23. Nxd7 Nxd7 24. Qf1 Bc5 25. Bd3 Qe6 26. Qe1 Qf6 27. Qe4 g6 28. b4 Be7 29. Rc6 Bd6 30. Qd5 Qe6 31. Qxe6 fxe6 32. Rxd6 Kf7 33. Rxa6 Rc7 34. a4 Ke7 35. Ra8 Kd6 36. Bb5 Rc2 37. Ra6+ Kc7 38. Ra7+ Kb6 39. Rxd7 Rxd2 40. Rd6+ Kc7 41. Rxe6 d3 42. Rxe5 Rb2 43. Bxd3 Rxb4 44. Re7+ Kd6 45. Rxh7 1-0

[Event "SLO-ch qual"]
[Site "Otocec"]
[Date "2009.07.08"]
[Round "2"]
[White "Klancicar, Vid"]
[Black "Tomazini, Aljosa"]
[Result "0-1"]
[WhiteElo "1500"]
[BlackElo "2165"]
[PlyCount "64"]
[EventDate "2009.07.07"]
[EventType "swiss"]
[EventRounds "9"]
[EventCountry "SLO"]
[SourceTitle "EXT 2010"]
[Source "ChessBase"]
[SourceDate "2010.11.25"]
[SourceVersion "1"]
[SourceVersionDate "2010.11.25"]
[SourceQuality "1"]

1. e4 e5 2. Nf3 Nc6 3. Bb5 f5 4. d3 fxe4 5. dxe4 Nf6 6. Nc3 Bc5 7. 0-0 d6 8. h3 0-0 9. Bg5 Ne7 10. Bc4+ Kh8 11. Nd5 Nexd5 12. Bxd5 Qe8 13. Re1 Qg6 14. Kf1 Nxd5 15. Qxd5 Rxf3 16. gxf3 Qxg5 17. Re2 Bxh3+ 18. Ke1 Qg1+ 19. Kd2 Qxa1 20. Qxb7 Rf8 21. Qb3 Qg1 22. Qc4 Bf1 23. Re1 Qxf2+ 24. Re2 Bxe2 25. Qxe2 Rxf3 26. Qxf2 Rxf2+ 27. Ke1 h5 28. a3 h4 29. b4 Be3 30. c4 h3 31. c5 h2 32. cxd6 h1Q# 0-1

[Event "SLO-ch U12"]
[Site "Rogaska Slatina"]
[Date "2009.02.24"]
[Round "4"]
[White "Klancicar, Vid"]
[Black "Pucko, Sandi"]
[Result "1-0"]
[WhiteElo "1500"]
[BlackElo "1500"]
[PlyCount "79"]
[EventDate "2009.02.22"]
[EventType "swiss"]
[EventRounds "9"]
[EventCountry "SLO"]
[SourceTitle "CBM 129 Extra"]
[Source "ChessBase"]
[SourceDate "2009.05.05"]
[SourceVersion "2"]
[SourceVersionDate "2009.05.20"]
[SourceQuality "1"]

1. e4 Nf6 2. Nc3 Nc6 3. Nf3 e5 4. d3 Bb4 5. a3 Bxc3+ 6. bxc3 0-0 7. Bg5 d6 8. d4 exd4 9. cxd4 Qe7 10. Bd3 Bg4 11. 0-0 Bxf3 12. Qxf3 Nxd4 13. Qe3 Ne6 14. e5 dxe5 15. Qxe5 a6 16. Bxf6 Qxf6 17. Qxf6 gxf6 18. Rae1 b5 19. Re3 Kh8 20. Bf5 Nd4 21. Be4 Rg8 22. Bxa8 Rxa8 23. c3 Nc2 24. Re7 Kg7 25. Rxc7 Nxa3 26. Ra1 Nc4 27. Rc6 a5 28. Rc5 Rb8 29. Rb1 Na3 30. Ra1 Nc4 31. Rb1 Na3 32. Rb3 b4 33. Rxa5 Rd8 34. g3 Rd1+ 35. Kg2 bxc3 36. Rxc3 Nb1 37. Rb3 Re1 38. Re3 Rc1 39. Ra1 Rc3 40. Rxb1 1-0

[Event "SLO-ch U12"]
[Site "Rogaska Slatina"]
[Date "2009.02.22"]
[Round "1"]
[White "Klancicar, Vid"]
[Black "Cop, Jaka"]
[Result "1/2-1/2"]
[WhiteElo "1500"]
[BlackElo "1508"]
[PlyCount "109"]
[EventDate "2009.02.22"]
[EventType "swiss"]
[EventRounds "9"]
[EventCountry "SLO"]
[SourceTitle "CBM 129 Extra"]
[Source "ChessBase"]
[SourceDate "2009.05.05"]
[SourceVersion "2"]
[SourceVersionDate "2009.05.20"]
[SourceQuality "1"]

1. e4 e5 2. Nf3 Nc6 3. Bb5 Bc5 4. d3 d6 5. 0-0 Bd7 6. Nc3 h6 7. Be3 Bb6 8. h3 Nf6 9. d4 exd4 10. Nxd4 Bxd4 11. Bxc6 Bxc6 12. Bxd4 0-0 13. f3 Bd7 14. e5 dxe5 15. Bxe5 Qc8 16. Bxf6 gxf6 17. Ne4 Kh8 18. Nxf6 Bxh3 19. gxh3 Qxh3 20. Rf2 Rg8+ 21. Ng4 Qh4 22. Qd4+ f6 23. Kf1 Rad8 24. Qxf6+ Qxf6 25. Nxf6 Rg6 26. Ng4 Rdg8 27. Ke2 Re8+ 28. Ne3 Rge6 29. Rh1 Rxe3+ 30. Kd2 R3e6 31. f4 Rd8+ 32. Kc3 Re3+ 33. Kc4 Re4+ 34. Kc3 Re3+ 35. Kc4 Re4+ 36. Kc3 Kh7 37. f5 Rf8 38. Kd3 Re5 39. Rhf1 Rd8+ 40. Kc3 Rf8 41. Kd4 Re7 42. f6 Rd8+ 43. Kc3 Rf7 44. b4 Kg6 45. Rg1+ Kh7 46. a4 Rd6 47. Rgf1 Kg6 48. Rg1+ Kh7 49. Rgf1 Kg8 50. Kc4 Kf8 51. Kc5 Ke8 52. a5 Kd7 53. b5 c6 54. c4 Kc7 55. b6+ 1/2-1/2